Pokémon - Les nouveautés introduites en 3ème génération - Statistiques

Statistiques générales
  • Ce quiz a été pris 28 fois
  • Le résultat moyen est 4 sur 10
Answers on the Grid
Answers color-coded by a green-red scale on the quiz's grid according to % correct below.
Les fonds marins explorables
Les combats duo
La CS Éclate-Roc
Le PC avec les sprites des Pokémon
Les talents
Les natures
Le PokéNav
Les décors de fond en combat
Les concours
Les bases secrètes
Les baies
Le type Ténèbres
Les saisons
Les raids
Les pierres d'évolution
Les CS
Les capacités Z
Le split physique/spécial des attaques
Les Pokémon chromatiques
Le multi-exp
La pension
La canne à pêche
Les CT à usage permanent
Le type Fée
 
Statistiques - réponses
Réponse % Correct
Les fonds marins explorables
75%
Les concours
69%
Les bases secrètes
50%
Le PC avec les sprites des Pokémon
44%
Les combats duo
44%
Les talents
44%
Les natures
38%
Le PokéNav
31%
La CS Éclate-Roc
25%
Les décors de fond en combat
19%
Aucun quiz correspondant
Distribution des résultats
% des personnes avec chaque résultat
Percentile par nombre de réponses
Votre historique - résultats
Vous n’avez pas pris ce quiz